000
00307nam a2200133Ia 4500
005
20251222142004.0
008
251222s9999||||xx |||||||||||||| ||spa||
020
_a
2-7022-0287-X
082
_a
759.44/M22
100
_a
Courthion, Pierre
245
0
_a
Edouard Manet
264
_b
Cercle D'Art
942
_c
LIB
999
_c
10120
_d
10120